|
|
|
|
| LEADER |
00000nab a2200000ua 4500 |
| 001 |
vtls010777208 |
| 003 |
SK-MaSNL |
| 005 |
20260303123417.0 |
| 008 |
230214s1936 xo |||||||||||||||||cze| |
| 035 |
|
|
|a (urnnbn)urn:nbn:sk:snk:ar-a03l0k
|
| 035 |
|
|
|a (uuid)56188a48-bda7-4b70-af2d-aefc724e2038
|
| 035 |
|
|
|a urn:nbn:sk:snk-ab5cea
|
| 040 |
|
|
|a SNKBUCL
|b slo
|c SNKBUCL
|e AACR2
|
| 041 |
0 |
|
|a cze
|
| 044 |
|
|
|a xo
|c SK
|
| 100 |
1 |
|
|a Vavrda, Jaroslav,
|d 1898-1979
|4 aut
|9 171537
|
| 245 |
1 |
0 |
|a O rupturách žaludku u dětí
|c Jaroslav Vavrda
|
| 773 |
0 |
|
|t Bratislavské lekárske listy
|g Roč. 16, č. 5 (1936), s. 217-223
|
| 954 |
|
|
|a odborná, vedecká literatúra cudzojazyčná (svetová)
|2 lita
|
| 958 |
|
|
|a OND
|
| 958 |
|
|
|a EUIPO
|
| 958 |
|
|
|a article3
|
| 999 |
|
|
|c 1925753
|d 1927683
|